000 00895nam0a2200289 i 4500
001 RU\NLR\BIBL_A\011598684
005 20240921183736.0
010 _a9785957330394
_91000
021 _aRU
_b2017-97974
_97051
035 _a(RuMoRGB)009493315
035 _a(NLR Aleph) 011598684
090 _a10876084
_c10876084
100 _a20180119d2017 u y0rusy50 ca
101 0 _arus
102 _aRU
105 _aa|||z|||000zy
200 1 _aМедиум: в поисках жизни
_fАлександр Шепс
210 _aСанкт-Петербург
_cВесь
_d2017
215 _a347, [1] с.
_cцв. ил.
_d22
606 1 _aЭкстрасенсы
_91919891
_3RU\NLR\AUTH\661164500
610 0 _aэкстрасенсы
686 1 _aЮ96
700 1 _aШепс
_bА.
_gАлександр
942 _cBOOK
980 _aNBR